The library's legal answer book (Record no. 220591)
[ view plain ]
| 000 -LEADER | |
|---|---|
| fixed length control field | 01761nam a2200337 a 4500 |
| 082 04 - DEWEY DECIMAL CLASSIFICATION NUMBER | |
| Classification number | 344.73/092 |
| 100 1# - MAIN ENTRY--AUTHOR NAME | |
| Personal name | Minow, Mary. |
| 245 14 - TITLE STATEMENT | |
| Title | The library's legal answer book |
| 260 ## - PUBLICATION, DISTRIBUTION, ETC. (IMPRINT) | |
| Place of publication | Chicago : |
| Name of publisher | American Library Association, |
| Year of publication | 2003. |
| 300 ## - PHYSICAL DESCRIPTION | |
| Number of Pages | x, 361 p. |
| 505 0# - FORMATTED CONTENTS NOTE | |
| Formatted contents note | Libraries and copyright -- Designing the library web page -- Libraries and copyright -- Filters in the library and other restrictions on Internet access -- Digital library resources and patrons with disabilities -- Library records and privacy -- Meeting rooms and displays : the public soapbox inside the library -- Professional liability : reference, collection, book reviews, latchkey children -- Issues in library employment -- Friends, the Internet and lobbying. |
| 650 #0 - SUBJECT ADDED ENTRY--TOPICAL TERM | |
| Topical Term | Library legislation |
| Topical Term | Internet access for library users |
| 700 1# - ADDED ENTRY--PERSONAL NAME | |
| Personal name | Lipinski, Tomas A., |
| 856 40 - ELECTRONIC LOCATION AND ACCESS | |
| Uniform Resource Identifier | http://site.ebrary.com/lib/rucke/Doc?id=10194722 |
No items available.
